Score 0/12 Timer 04:00
0 Plays Today
Movie Title Missing Word % Correct
_____ Dead GorgeousDrop
96.6%
Mona Lisa _____Smile
91.4%
______ It OnBring
90.9%
Eternal Sunshine of the _____ MindSpotless
83.1%
How to ____ Friends & Alienate PeopleLose
78.4%
Marie ______Antoinette
71.1%
The ____ MeowCat's
69.2%
The ______ SuicidesVirgin
67.3%
Little _____Women
58.9%
Get _____ ItOver
47.7%
Crazy/_______Beautiful
36.6%
All ____ ThingsGood
34.7%

Today's Daily Dose

Remove Ads.
Support Sporcle.
Get the best of Sporcle when you Go Orange. This ad-free experience offers more features, more stats, and more fun while also helping to support Sporcle. Thank you for becoming a member.

You're not logged in!

Compare scores with friends on all Sporcle quizzes.
OR
Log In

Show Comments

Extras

Top Quizzes Today


Score Distribution

Your Account Isn't Verified!

In order to create a playlist on Sporcle, you need to verify the email address you used during registration. Go to your Sporcle Settings to finish the process.

Report this User

Report this user for behavior that violates our Community Guidelines.

Details: